00751nam a22001937a 450000500170000001000150001702000260003203500140005803700130007208200160008510000380010124501250013926000230026427000670028730000260035494200300038099900190041095201280042920170615122134.0 aENG-118661 a9788184655834c175.00 aEN-102193 bDBAD/PUB a325.3410934 aNalunnakkal, Geevarghese Coorilos aThe joy of the gospal of life:cby Geevarghese Coorilos Nalunnakkal bContextual reflections on mission and evangelism / aDelhibISPCKc2017 aPost Box 1585, 1654, Madarsa Road, Kashmere Gate, Delhi-110006 axvii,163pc22cm.(pbk) 2ddccENh325.3410934mNAL c141136d141136 001040708NFICaBL4bBL4d2017-06-15eDBAD/PUBg175.00l0o325.3410934 NALpEN-102193r2017-06-15 00:00:00t1v175.00yEN